<?xml version="1.0" encoding="UTF-8"?>
<record
    xmlns:xsi="http://www.w3.org/2001/XMLSchema-instance"
    xsi:schemaLocation="http://www.loc.gov/MARC21/slim http://www.loc.gov/standards/marcxml/schema/MARC21slim.xsd"
    xmlns="http://www.loc.gov/MARC21/slim">

  <leader>00805nam a2200169Ia 4500</leader>
  <controlfield tag="008">090711s9999    xx            000 0 und d</controlfield>
  <datafield tag="082" ind1=" " ind2=" ">
    <subfield code="b">737</subfield>
  </datafield>
  <datafield tag="100" ind1=" " ind2=" ">
    <subfield code="a">&#x926;&#x940;&#x915;&#x94D;&#x937;&#x93F;&#x924; &#x917;&#x923;&#x947;&#x936; &#x92A;&#x94D;&#x930;.</subfield>
  </datafield>
  <datafield tag="245" ind1=" " ind2=" ">
    <subfield code="a">&#x915;&#x941;&#x902;&#x921;&#x932;&#x940;&#x935;&#x930;&#x94D;&#x923;&#x928; (&#x935;&#x930;&#x94D;&#x937;&#x92D;&#x935;&#x93F;&#x937;&#x94D;&#x92F;&#x93E;S&#x93E;&#x93E; &#x916;&#x93E;&#x938; &#x905;&#x902;&#x915; )</subfield>
  </datafield>
  <datafield tag="260" ind1=" " ind2=" ">
    <subfield code="b">&#x92E;&#x939;&#x93E;&#x930;&#x93E;&#x937;&#x94D;&#x91F;&#x94D;&#x930; &#x92E;&#x941;&#x926;&#x94D;&#x930;&#x923;&#x936;&#x93E;&#x933;&#x93E; &#x91B;&#x93E;&#x92A;&#x916;&#x93E;&#x928;&#x93E;</subfield>
    <subfield code="c">1937</subfield>
  </datafield>
  <datafield tag="300" ind1=" " ind2=" ">
    <subfield code="a">123</subfield>
  </datafield>
  <datafield tag="600" ind1=" " ind2=" ">
    <subfield code="a">&#x926;&#x940;&#x915;&#x94D;&#x937;&#x93F;&#x924; &#x917;&#x923;&#x947;&#x936; &#x92A;&#x94D;&#x930;.</subfield>
  </datafield>
  <datafield tag="630" ind1=" " ind2=" ">
    <subfield code="a">&#x915;&#x941;&#x902;&#x921;&#x932;&#x940;&#x935;&#x930;&#x94D;&#x923;&#x928; (&#x935;&#x930;&#x94D;&#x937;&#x92D;&#x935;&#x93F;&#x937;&#x94D;&#x92F;&#x93E;S&#x93E;&#x93E; &#x916;&#x93E;&#x938; &#x905;&#x902;&#x915; )</subfield>
  </datafield>
  <datafield tag="700" ind1=" " ind2=" ">
    <subfield code="a">&#x926;&#x940;&#x915;&#x94D;&#x937;&#x93F;&#x924; &#x917;&#x923;&#x947;&#x936; &#x92A;&#x94D;&#x930;.</subfield>
  </datafield>
  <datafield tag="730" ind1=" " ind2=" ">
    <subfield code="a">&#x915;&#x941;&#x902;&#x921;&#x932;&#x940;&#x935;&#x930;&#x94D;&#x923;&#x928; (&#x935;&#x930;&#x94D;&#x937;&#x92D;&#x935;&#x93F;&#x937;&#x94D;&#x92F;&#x93E;S&#x93E;&#x93E; &#x916;&#x93E;&#x938; &#x905;&#x902;&#x915; )</subfield>
  </datafield>
  <datafield tag="942" ind1=" " ind2=" ">
    <subfield code="c">BOOK</subfield>
  </datafield>
  <datafield tag="999" ind1=" " ind2=" ">
    <subfield code="c">306975</subfield>
    <subfield code="d">306975</subfield>
  </datafield>
  <datafield tag="952" ind1=" " ind2=" ">
    <subfield code="0">0</subfield>
    <subfield code="1">0</subfield>
    <subfield code="4">0</subfield>
    <subfield code="7">0</subfield>
    <subfield code="a">DASAVA</subfield>
    <subfield code="b">DASAVA</subfield>
    <subfield code="d">2009-07-11</subfield>
    <subfield code="g">0.50</subfield>
    <subfield code="l">0</subfield>
    <subfield code="o">737</subfield>
    <subfield code="p">DASAVA-737</subfield>
    <subfield code="r">2009-07-11 00:00:00</subfield>
    <subfield code="v">0.50</subfield>
    <subfield code="w">2009-07-11</subfield>
    <subfield code="y">BOOK</subfield>
  </datafield>
</record>
